[Event "BCF-chT4S 1819 (4NCL)"]
[Site "England"]
[Date "2019.01.13"]
[Round "4.66"]
[White "Jaberansari, Daniel"]
[Black "Bourne, Johnathan"]
[Result "0-1"]
[WhiteElo "1382"]
[BlackElo "1910"]
[PlyCount "50"]
[EventDate "2018.11.17"]
[EventType "team-swiss"]
[EventRounds "11"]
[EventCountry "ENG"]
[SourceTitle "EXT 2021"]
[Source "ChessBase"]
[SourceDate "2020.10.23"]
[SourceVersion "1"]
[SourceVersionDate "2020.10.23"]
[SourceQuality "1"]
[WhiteTeam "Fischer's Catch"]
[BlackTeam "Check Innmates II"]
[WhiteTeamCountry "WLS"]
[BlackTeamCountry "ENG"]

1. e4 e5 2. Nf3 Nc6 3. d4 exd4 4. Nxd4 Nf6 5. Nxc6 bxc6 6. e5 Qe7 7. Qe2 Nd5 8. c4 Nb6 9. b3 Qe6 10. Bb2 g6 11. f4 Bg7 12. Nd2 0-0 13. 0-0-0 Re8 14. Nf3 Ba6 15. Qf2 d6 16. Qh4 h6 17. g4 dxe5 18. f5 gxf5 19. gxf5 Qxf5 20. Rg1 Re6 21. Rd8+ Re8 22. Rxa8 Nxa8 23. Bxe5 Qxf3 24. Qxh6 Qxf1+ 25. Kc2 Qxg1 0-1

[Event "BCF-ch U14"]
[Site "Llandudno"]
[Date "2017.08.04"]
[Round "6"]
[White "Audhora, Purba"]
[Black "Jaberansari, Daniel"]
[Result "1/2-1/2"]
[WhiteElo "1247"]
[BlackElo "1387"]
[PlyCount "32"]
[EventDate "2017.07.30"]
[EventType "swiss"]
[EventRounds "7"]
[EventCountry "WLS"]
[SourceTitle "CBM 179 Extra"]
[Source "ChessBase"]
[SourceDate "2017.08.23"]
[SourceVersion "1"]
[SourceVersionDate "2017.08.23"]
[SourceQuality "1"]

1. e4 e6 2. d4 d5 3. Nd2 Nf6 4. e5 Nfd7 5. Bd3 c5 6. c3 Nc6 7. Ne2 cxd4 8. cxd4 f6 9. exf6 Nxf6 10. Nf3 Bd6 11. 0-0 Qc7 12. Ng3 0-0 13. Be3 Bd7 14. Rc1 a6 15. Re1 Rae8 16. Bd2 Qb8 1/2-1/2

[Event "Robinson Cup U14"]
[Site "Cardiff"]
[Date "2017.07.24"]
[Round "2.5"]
[White "Phelan, Leo"]
[Black "Jaberansari, Daniel"]
[Result "1-0"]
[WhiteElo "1572"]
[BlackElo "1387"]
[PlyCount "97"]
[EventDate "2017.07.24"]
[EventType "team-tourn"]
[EventRounds "5"]
[EventCountry "WLS"]
[SourceTitle "EXT 2023"]
[Source "ChessBase"]
[SourceDate "2022.10.05"]
[SourceVersion "1"]
[SourceVersionDate "2022.10.05"]
[SourceQuality "1"]
[WhiteTeam "Ireland U14 II"]
[BlackTeam "Wales U14"]
[WhiteTeamCountry "IRL"]
[BlackTeamCountry "WLS"]

1. e4 e6 2. d4 d5 3. exd5 exd5 4. Bd3 c6 5. Bf4 Bd6 6. Bxd6 Qxd6 7. Nf3 Ne7 8. c3 Bf5 9. 0-0 0-0 10. Re1 Bxd3 11. Qxd3 Ng6 12. Nbd2 Nd7 13. Nf1 Nf6 14. Ng3 Rfe8 15. Qc2 Qc7 16. a4 a5 17. b3 b5 18. Qa2 Qb6 19. axb5 Rxe1+ 20. Nxe1 cxb5 21. Nd3 b4 22. Nxb4 Rc8 23. Qxa5 Qxa5 24. Rxa5 Rxc3 25. Nxd5 Nxd5 26. Rxd5 Rxb3 27. Rd8+ Nf8 28. h3 Rd3 29. Kf1 g6 30. Ke2 Ra3 31. d5 Ra4 32. d6 Rd4 33. Ke3 Rd1 34. Ne4 Kg7 35. Nd2 Re1+ 36. Kf3 Re5 37. Nc4 Rc5 38. Nb6 Rc6 39. Nc8 Rc1 40. Ke2 Rc4 41. Nb6 Rc6 42. d7 Rd6 43. Ke3 Rd1 44. Ke4 Rd6 45. Ke5 Rd1 46. Nd5 Re1+ 47. Ne3 Ne6 48. Re8 Ra1 49. Rxe6 1-0

[Event "Tom Weston Major op"]
[Site "Cardiff"]
[Date "2017.04.17"]
[Round "7"]
[White "Peymani, Leila"]
[Black "Jaberansari, Daniel"]
[Result "1/2-1/2"]
[WhiteElo "2086"]
[BlackElo "1405"]
[PlyCount "95"]
[EventDate "2017.04.14"]
[EventType "swiss"]
[EventRounds "7"]
[EventCountry "WLS"]
[SourceTitle "EXT 2019"]
[Source "ChessBase"]
[SourceDate "2018.10.10"]
[SourceVersion "1"]
[SourceVersionDate "2018.10.10"]
[SourceQuality "1"]

1. d4 Nf6 2. Nf3 g6 3. Bg5 Bg7 4. e3 d6 5. Bd3 Nbd7 6. Nbd2 b6 7. c3 Bb7 8. Qc2 c5 9. 0-0 0-0 10. Rad1 d5 11. dxc5 Nxc5 12. Be2 Qc7 13. Bf4 Qc8 14. Qb1 Ne6 15. Bg3 Rd8 16. Nd4 Nxd4 17. exd4 e6 18. Be5 Nd7 19. Bxg7 Kxg7 20. h4 Nf6 21. g4 Qc7 22. g5 Nd7 23. h5 Rh8 24. h6+ Kf8 25. f4 Ke7 26. Nf3 Qxf4 27. Rf2 Rhf8 28. Qc1 Qxc1 29. Rxc1 Rac8 30. Rcf1 Rc7 31. Bb5 Bc6 32. Bd3 Bb7 33. Nh2 Rcc8 34. Ng4 Rc7 35. Kh2 Rcc8 36. Kg3 Rc7 37. Re1 Kd6 38. Nf6 Nxf6 39. Rxf6 Re7 40. Bf1 Bc8 41. Rf2 Rfe8 42. Bb5 Rf8 43. Rf6 Bd7 44. a4 Bc8 45. Bd3 Bd7 46. Bb5 Bc8 47. Bd3 Bd7 48. Bb5 1/2-1/2

[Event "Tom Weston Major op"]
[Site "Cardiff"]
[Date "2017.04.14"]
[Round "1"]
[White "Jaberansari, Daniel"]
[Black "Thomas, Roy"]
[Result "0-1"]
[WhiteElo "1405"]
[BlackElo "1727"]
[PlyCount "82"]
[EventDate "2017.04.14"]
[EventType "swiss"]
[EventRounds "7"]
[EventCountry "WLS"]
[SourceTitle "EXT 2019"]
[Source "ChessBase"]
[SourceDate "2018.10.10"]
[SourceVersion "1"]
[SourceVersionDate "2018.10.10"]
[SourceQuality "1"]

1. e4 c5 2. c3 d5 3. exd5 Qxd5 4. d4 Nf6 5. Na3 e6 6. Nc2 Be7 7. Nf3 0-0 8. Be2 Nc6 9. Be3 Ng4 10. 0-0 Nxe3 11. Nxe3 Qd6 12. Qc2 cxd4 13. Rfd1 e5 14. cxd4 Nxd4 15. Nxd4 exd4 16. Qc4 Rd8 17. Bf3 Be6 18. Qa4 Qf4 19. Rd2 Bd6 20. Nf1 Be5 21. Rad1 Bd5 22. Bxd5 Rxd5 23. Ng3 h5 24. Qb3 Rd7 25. Qa4 Rc7 26. Qa5 b6 27. Qd5 Rac8 28. Nf1 Rc1 29. g3 Qf6 30. Rxc1 Rxc1 31. f4 Bd6 32. Re2 Bc5 33. Re8+ Kh7 34. Qxh5+ Qh6 35. Qf5+ Qg6 36. Qh3+ Qh6 37. Qf5+ g6 38. Qxf7+ Qg7 39. Qe6 d3+ 40. Kg2 Rc2+ 41. Kh1 Qb7+ 0-1